Obálka Náhled e-knihy:
Epub
Pro půjčování e-knih musíte být přihlášeni.
Jak si půjčit online?

Liška Bystrouška /

Liška Bystrouška je lyrická bajka určená původně pro děti spisovatele a novináře Rudolfa Těsnohlídka z roku 1920. Hlavní postavou knihy je stejnojmenná liška Bystrouška. Revírník Bartoš se vrací ze setkání s přáteli v místní hospůdce. Na své cestě domů usne v lese. Aby měl výmluvu, která by odůvodni...

Celý popis

Uloženo v:
Hlavní autor: Těsnohlídek, Rudolf (Autor)
Médium: E-kniha
Jazyk:Czech
Vydáno: Praha : Artis, 2022
Tagy:
Žádné tagy
LEADER 01776nam a22002297i 4500
001 311762
007 ta
008 260601s2022 xr ||||| |||| 00| 0 cze d
020 |a 9990003644107 
044 |a xr 
100 1 |a  Těsnohlídek, Rudolf  |4 aut 
245 1 0 |a Liška Bystrouška /  |c  Těsnohlídek, Rudolf 
264 1 |a Praha :  |b Artis,  |c 2022 
300 |a 1 online zdroj (97 stran) 
336 |a text  |b txt  |2 rdacontent 
337 |a bez média  |b n  |2 rdamedia 
338 |a online zdroj  |b cr  |2 rdacarrier 
520 2 |a Liška Bystrouška je lyrická bajka určená původně pro děti spisovatele a novináře Rudolfa Těsnohlídka z roku 1920. Hlavní postavou knihy je stejnojmenná liška Bystrouška. Revírník Bartoš se vrací ze setkání s přáteli v místní hospůdce. Na své cestě domů usne v lese. Aby měl výmluvu, která by odůvodnila jeho opoždění, chytí zaběhlé liščí mládě Bystroušku, která se má stát domácím mazlíčkem jeho vnuka Pepíka. Domestikace lišky ještě nebyla dotažena do konce, a tak i v tomto případě vítězí pravá povaha šelmy. Poté, co Bystrouška postupně zdecimuje drůbež chovanou v myslivně, prchá na svobodu. Na své cestě za svobodou prožívá hledání nového domova v noře po jezevci, hledání obživy pytlačením v jezerské myslivně, škádlení trhovců s drůbeží, lásku lišáka Zlatohřbítka. 
910 |a RBIT002 
998 |d 364410  |a https://core.palmknihy.cz/api/books/364410/cover?rln6vo  |b https://core.palmknihy.cz/api/books/364410/cover/400?rln6vo  |c https://core.palmknihy.cz/api/books/364410/cover/50?rln6vo  |e 2099-12-01  |g 97  |i 9990003644107  |j https://core.palmknihy.cz/api/books/364410/preview.epub  |l   |q 49  |r 1  |s https://www.palmknihy.cz/kniha/364410  |t ebook  |y 2022  |z 1 
999 |d 311760